A manual on technical aspects of the United Nations Convention on the Law of the Sea, 1982. (Record no. 91758)

MARC details
000 -LEADER
fixed length control field 01051cam a2200277 4500
001 - CONTROL NUMBER
control field J1802
008 - FIXED-LENGTH DATA ELEMENTS--GENERAL INFORMATION
fixed length control field 090401t1993 xxu||||| |||| 00| 0 eng d
035 ## - SYSTEM CONTROL NUMBER
System control number (Sirsi) u45545
041 ## - LANGUAGE CODE
Language code of text/sound track or separate title eng
050 ## - LIBRARY OF CONGRESS CALL NUMBER
Classification number 341.448
110 ## - MAIN ENTRY--CORPORATE NAME
Corporate name or jurisdiction name as entry element International Hydrographic Organization
9 (RLIN) 2616
245 #2 - TITLE STATEMENT
Title A manual on technical aspects of the United Nations Convention on the Law of the Sea, 1982.
250 ## - EDITION STATEMENT
Edition statement 3rd ed.
260 ## - PUBLICATION, DISTRIBUTION, ETC.
Place of publication, distribution, etc. Monaco
Name of publisher, distributor, etc. International Hydrographic Bureau
Date of publication, distribution, etc. 1993
300 ## - PHYSICAL DESCRIPTION
Extent ii,195p. ; 30cm.
350 ## - PRICE (NR) (BK AM CF MU VM SE) [OBSOLETE]
Price 0
490 ## - SERIES STATEMENT
Series statement Special Publication
Volume/sequential designation 51
520 ## - SUMMARY, ETC.
Summary, etc. Prepared by a working group of the International Hydrographic Organization with the assistance of the Special Study group on Geodetic Aspects on the Law of the Sea of the International Association of Geodesy.
650 ## - SUBJECT ADDED ENTRY--TOPICAL TERM
Topical term or geographic name entry element INTERNATIONAL ASSOCIATION OF GEODESY
650 ## - SUBJECT ADDED ENTRY--TOPICAL TERM
Topical term or geographic name entry element INTERNATIONAL HYDROGRAPHIC BUREAU
650 ## - SUBJECT ADDED ENTRY--TOPICAL TERM
Topical term or geographic name entry element LAW OF THE SEA
650 ## - SUBJECT ADDED ENTRY--TOPICAL TERM
Topical term or geographic name entry element UNITED NATIONS CONVENTION ON THE LAW OF THE SEA
690 ## - LOCAL SUBJECT ADDED ENTRY--TOPICAL TERM (OCLC, RLIN)
Topical term or geographic name as entry element MARINE RESOURCES
942 ## - ADDED ENTRY ELEMENTS (KOHA)
Suppress in OPAC 0
948 ## - LOCAL PROCESSING INFORMATION (OCLC); SERIES PART DESIGNATOR (RLIN)
c (OCLC) 04/03/1997
Holdings
Withdrawn status Lost status Source of classification or shelving scheme Damaged status Not for loan Home library Current library Shelving location Date acquired Total Checkouts Full call number Barcode Date last seen Copy number Price effective from Koha item type
    Dewey Decimal Classification     London London Basement 08/02/1995   SHELF 317 30044930 06/08/2019 1 06/08/2019 Book